Estudio de pre factibilidad para la creación de la empresa integral solutions en el municipio de Managua, departamento de Managua

Presenta un estudio de prefactibilidad para la creación de la empresa integral solutions en el municipio de Managua, departamento de Managua muestra la aplicación del método clásico de formulación y evaluación de proyectos para determinar la factibilidad de creación de dicha empresa, la cual...

Full description

Bibliographic Details
Main Author: Berríos Rocha, Luis Manuel
Other Authors: Tutor: Martínez Zúniga, Leonel Antonio
Format: Tesis Section = Libro
Language:Undetermined
Spanish
Published: Managua UNI 2017
Subjects:
LEADER 01354nam a2200277Ia 4500
008 240830s9999 xx 000 0 und d
040 |a BIBLIOTECA-RUPAP Mon 658.11 B533 
041 |a spa 
082 |a Mon 658.11 B533 
100 1 |a Berríos Rocha, Luis Manuel 
245 1 0 |a Estudio de pre factibilidad para la creación de la empresa integral solutions en el municipio de Managua, departamento de Managua 
260 |a Managua  |b UNI  |c 2017 
300 |a 266 p. :il. 
500 |a Contiene: anexos e Incluye: CD. 
502 |a Tesis (Ingeniero de Sistemas)- UNI, 2017. 
520 3 |a Presenta un estudio de prefactibilidad para la creación de la empresa integral solutions en el municipio de Managua, departamento de Managua muestra la aplicación del método clásico de formulación y evaluación de proyectos para determinar la factibilidad de creación de dicha empresa, la cual brindará los servicios y cursos informáticos, administrativos y legales de mayor demanda por los pobladores y PYMES del municipio. 
650 7 |a NUEVAS EMPRESAS 
650 7 |b ESTUDIO DE FACTIBILIDAD 
650 7 |c INGENIERIA DE PROYECTOS 
650 7 |d ANALISIS DE MERCADO 
650 7 |e RECURSOS HUMANOS 
650 7 |f ESTUDIO DE IMPACTO AMBIENTAL 
700 1 |a Tutor:  |b Martínez Zúniga, Leonel Antonio 
942 |c BK  |2 ddc 
991 |a TESIS 
999 |c 16858